Africa / (Record no. 23434)
[ view plain ]
| 000 -LEADER | |
|---|---|
| fixed length control field | 00880nam a22002772 4500 |
| 001 - CONTROL NUMBER | |
| control field | 23434 |
| 003 - CONTROL NUMBER IDENTIFIER | |
| rucl marc code | BD-RjUL |
| 005 - DATE AND TIME OF LATEST TRANSACTION | |
| control field | 20211209000929.0 |
| 008 - FIXED-LENGTH DATA ELEMENTS--GENERAL INFORMATION | |
| fixed length control field | 140310r19681966enk 001 0 eng |
| 035 ## - SYSTEM CONTROL NUMBER | |
| System control number | (BD-RjUL)23499 |
| 040 ## - CATALOGING SOURCE | |
| Original cataloging agency | DLC |
| Transcribing agency | KEU |
| Modifying agency | EQO |
| -- | BD-RjUL |
| Language of cataloging | eng |
| 041 ## - LANGUAGE CODE | |
| Language code of text/sound track or separate title | eng |
| 082 ## - DEWEY DECIMAL CLASSIFICATION NUMBER | |
| Classification number | 916 |
| Author mark and year | JAA |
| 100 1# - MAIN ENTRY--PERSONAL NAME | |
| Personal name | Jarrett, Harold Reginald. |
| 9 (RLIN) | 72176 |
| 245 10 - TITLE STATEMENT | |
| Title | Africa / |
| Statement of responsibility, etc. | H. R. Jarrett. |
| 260 ## - PUBLICATION, DISTRIBUTION, ETC. (IMPRINT) | |
| Place of publication, distribution, etc. | London : |
| Name of publisher, distributor, etc. | Macdonald & Evans, |
| Date of publication, distribution, etc. | c1966 [reprinted 1968] |
| 300 ## - PHYSICAL DESCRIPTION | |
| Pagination | xvi, 510 p. : |
| Illustrations | ill., maps. ; |
| Size | 23 cm. |
| 490 1# - SERIES STATEMENT | |
| Series statement | New certificate geography series. Advanced level |
| 500 ## - GENERAL NOTE | |
| General note | Imprint covered by label: New York, London, House & Maxwell. |
| 504 ## - BIBLIOGRAPHY, ETC. NOTE | |
| Bibliography, etc | Includes bibliography: p. 332-335 and index. |
| 651 #0 - SUBJECT ADDED ENTRY--GEOGRAPHIC NAME | |
| Geographic name | Africa. |
| 9 (RLIN) | 72177 |
| 830 #0 - SERIES ADDED ENTRY--UNIFORM TITLE | |
| Uniform title | New certificate geography series. |
| 942 ## - ADDED ENTRY ELEMENTS (KOHA) | |
| Source of classification or shelving scheme | Dewey Decimal Classification |
| Koha item type | Books |
| Lost status | Source of classification or shelving scheme | Damaged status | Not for loan | Collection code | Permanent Location | Current Location | Shelving location | Date acquired | Source of acquisition | Cost, normal purchase price | Total Checkouts | Full call number | Date last seen | Copy number | Koha item type |
|---|---|---|---|---|---|---|---|---|---|---|---|---|---|---|---|
| Dewey Decimal Classification | Non-fiction | Central Library, University of Rajshahi | Central Library, University of Rajshahi | 03/03/1969 | Mirga Book | 17.88 | 916 JAA 1968 | 10/03/2014 | C-3 | Books | |||||
| Dewey Decimal Classification | Added to bundle | Non-fiction | Central Library, University of Rajshahi | Central Library, University of Rajshahi | 14/05/1964 | Zeitlinger | 22.60 | 916 JAA 1963 | 10/03/2014 | C-1 | Books |